Back pain;Reason And Remedies/ (Record no. 187391)
[ view plain ]
| 000 -LEADER | |
|---|---|
| fixed length control field | 00747nam a22002177a 4500 |
| 008 - FIXED-LENGTH DATA ELEMENTS--GENERAL INFORMATION | |
| fixed length control field | 220416b ||||| |||| 00| 0 eng d |
| 010 ## - LCCN (DPL NO) | |
| LC control number | B-94699 |
| 020 ## - INTERNATIONAL STANDARD BOOK NUMBER | |
| International Standard Book Number | 8123907206 |
| Terms of availability | 75.00 |
| 035 ## - SYSTEM CONTROL NUMBER | |
| System control number | B-94699 |
| 037 ## - SOURCE OF ACQUISITION | |
| Stock number | DBAD/ PUB |
| Source of stock number/acquisition | CBS Publisher |
| 082 ## - DEWEY DECIMAL CLASSIFICATION NUMBER | |
| Classification number | 617.564 |
| Item number | PAN |
| 100 ## - MAIN ENTRY--PERSONAL NAME | |
| Personal name | Panda.U.N |
| 245 ## - TITLE STATEMENT | |
| Title | Back pain;Reason And Remedies/ |
| Remainder of title | Reason And Remedies/ |
| Statement of responsibility, etc | Panda.U.N/ Sahoo,P.K |
| Medium | English |
| 246 ## - VARYING FORM OF TITLE | |
| Title proper/short title | वैक पेन :रीज़न एंड रेमेडीज / |
| 250 ## - EDITION STATEMENT | |
| Edition statement | 2002 |
| 260 ## - PUBLICATION, DISTRIBUTION, ETC. (IMPRINT) | |
| Place of publication, distribution, etc | New Delhi |
| Name of publisher, distributor, etc | CBS Publisher |
| Date of publication, distribution, etc | 2002 |
| 270 ## - ADDRESS | |
| Address | 4596/1-A 11 Darya Ganj,New Delhi-110002 |
| 300 ## - PHYSICAL DESCRIPTION | |
| Extent | 122p, |
| Other physical details | With Images |
| Dimensions | 20 cm,PVK |
| 700 ## - ADDED ENTRY--PERSONAL NAME | |
| Personal name | Panda.U.N |
| 942 ## - ADDED ENTRY ELEMENTS (KOHA) | |
| Source of classification or shelving scheme | Dewey Decimal Classification |
| Item type | English Books |
| Edition | 2002 |
| Classification part | 617.564 |
| Call number prefix | PAN |
| Call number suffix | Panda.U.N |
| Withdrawn status | Lost status | Source of classification or shelving scheme | Damaged status | Not for loan | Home library | Current library | Date acquired | Cost, normal purchase price | Total Checkouts | Full call number | Barcode | Date last seen | Cost, replacement price | Koha item type |
|---|---|---|---|---|---|---|---|---|---|---|---|---|---|---|
| Dewey Decimal Classification | Sarojini Nagar | Sarojini Nagar | 16/04/2022 | 75.00 | 617.564 Panda.U.N | B-94699 | 16/04/2022 | 75.00 | English Books |
